Correspondencia sobre como se ha de conducir un reo en la sala del crimen

Detalles Bibliográficos
Formato: Libro
Publicado: México, 1691
Materias:
Colección:Banco de datos
Acervo:Biblioteca Palafoxiana. Colección de Manuscritos
Descripción Física:2 f. ; 31 x 21 cm.
Tema general:Eclesiástica
LEADER 00382nam a22001330004500
035 |a 1628 
245 1 0 |a Correspondencia sobre como se ha de conducir un reo en la sala del crimen 
260 |a México, 1691 
300 |a 2 f. ; 31 x 21 cm. 
650 1 0 |a Eclesiástica 
949 |a 32282/049 
942 |c PALAMANU 
943 |g Biblioteca Palafoxiana. Colección de Manuscritos 
999 |c 1069573  |d 1069573